000 00406nam a2200169Ia 4500
005 20250326130118.0
008 250326s9999 xx 000 0 und d
037 _aTextbook
040 _aFMSL
_beng
_cFMSL
041 _aeng
_2eng
084 _qFMSL
245 0 _aManarama yearbook 1976
260 _aKerala
_bKerala, Manorama
_c1976
300 _a960p
942 _cTB
999 _c1280976
_d1280976